| 000 | 00602cam a2200217 4500 | ||
|---|---|---|---|
| 001 | D15719 | ||
| 008 | 090401t1972 xxu||||| |||| 00| 0 eng d | ||
| 035 | _a(Sirsi) u24785 | ||
| 041 | _aeng | ||
| 050 | _a388.12 | ||
| 090 | _aRICS 1972/24ABC | ||
| 110 |
_aRoyal Institution of Chartered Surveyors _94900 |
||
| 245 | _aMotorways seminar, University of Keele, 24-26 March, 1972 | ||
| 260 |
_aLondon _bRICS _c1972 |
||
| 300 | _a6 papers | ||
| 350 | _a0 | ||
| 520 | _aPapers also catalogued separately. | ||
| 710 |
_aLand Agency and Agriculture Division _9773 |
||
| 942 | _n0 | ||
| 948 | _c04/03/1997 | ||
| 999 |
_c88607 _d88607 |
||